Organic farming developments (Record no. 117155)

MARC details
000 -LEADER
fixed length control field 01254cam a2200229 4500
001 - CONTROL NUMBER
control field WB4013-14
008 - FIXED-LENGTH DATA ELEMENTS--GENERAL INFORMATION
fixed length control field 040331n2004 000 0 eng u
035 ## - SYSTEM CONTROL NUMBER
System control number (Sirsi) u125697
245 ## - TITLE STATEMENT
Title Organic farming developments
260 ## - PUBLICATION, DISTRIBUTION, ETC.
Date of publication, distribution, etc. 2004
490 ## - SERIES STATEMENT
Series statement Scottish Executive News Release
Volume/sequential designation (SEEN829o/2004) 30 March 2004 (3)
520 ## - SUMMARY, ETC.
Summary, etc. The Scottish Executive has announced new regulations for payment rates and support for the organic fruit and vegetable sector. The Organic Aid Scheme (Scotland) Regulations 2001 come into force on 1 May 2004. They include increases in grants to encourage the conversion of organic land; capital grants to support activities for conversion and contributions towards the costs of preparing a conversion plan. The new regulations were introduced in the "Organic Annual Report", available on the Scottish Executive website, http://www.scotland.gov.uk/library5/environment/oa r04-00.asp. http://scotland.gov.uk/pages/news/2004/03/SEEn829o .aspx
590 ## - LOCAL NOTE (RLIN)
Local note WB
590 ## - LOCAL NOTE (RLIN)
Local note WB
650 ## - SUBJECT ADDED ENTRY--TOPICAL TERM
Topical term or geographic name entry element ORGANIC FOOD PRODUCTION
650 ## - SUBJECT ADDED ENTRY--TOPICAL TERM
Topical term or geographic name entry element SCOTLAND
650 ## - SUBJECT ADDED ENTRY--TOPICAL TERM
Topical term or geographic name entry element ORGANIC AID SCHEME
650 ## - SUBJECT ADDED ENTRY--TOPICAL TERM
Topical term or geographic name entry element ORGANIC CONVERSION PAYMENTS
650 ## - SUBJECT ADDED ENTRY--TOPICAL TERM
Topical term or geographic name entry element STATUTORY INSTRUMENTS
690 ## - LOCAL SUBJECT ADDED ENTRY--TOPICAL TERM (OCLC, RLIN)
Topical term or geographic name as entry element RURAL-AGRICULTURE AND FORESTRY
942 ## - ADDED ENTRY ELEMENTS (KOHA)
Suppress in OPAC 0
Holdings
Withdrawn status Lost status Source of classification or shelving scheme Damaged status Not for loan Home library Current library Shelving location Date acquired Total Checkouts Full call number Barcode Date last seen Copy number Price effective from Koha item type
    Dewey Decimal Classification     London London News article 31/03/2004   WB4013-14 125697-1001 06/08/2019 1 06/08/2019 News article